The Legend of the Seventh Virgin
Novela gótica ambientada en la Inglaterra del siglo XIX, donde la protagonista guiada por ambiciones desarrolladas desde su niñez, busca adentrarse en una familia por interés en la propiedad que le pertenece a la misma, todo lo que la protagonista realiza es con el fin de lograr su objetivo.
Guardat en:
| Autor principal: | |
|---|---|
| Format: | Llibre |
| Idioma: | Undetermined |
| Publicat: |
New York, Estados Unidos
Doubleday
1965
|
| Matèries: | |
| Etiquetes: |
Afegir etiqueta
Sense etiquetes, Sigues el primer a etiquetar aquest registre!
|
MARC
| LEADER | 00000nam a2200000Ia 4500 | ||
|---|---|---|---|
| 008 | 170316s9999 xx 000 0 und d | ||
| 040 | |a cru BVZT | ||
| 090 | |a 810 H-31L | ||
| 100 | |a Holt, Victoria |9 859 | ||
| 245 | 4 | |a The Legend of the Seventh Virgin |c / Victoria Holt | |
| 260 | |a New York, Estados Unidos | ||
| 260 | |b Doubleday | ||
| 260 | |c 1965 | ||
| 300 | |a 256 páginas | ||
| 520 | |a Novela gótica ambientada en la Inglaterra del siglo XIX, donde la protagonista guiada por ambiciones desarrolladas desde su niñez, busca adentrarse en una familia por interés en la propiedad que le pertenece a la misma, todo lo que la protagonista realiza es con el fin de lograr su objetivo. | ||
| 650 | |a LITERATURA ESTADOUNIDENSE |9 25 | ||
| 650 | |a EN IDIOMA INGLÉS |9 129 | ||
| 650 | |a NOVELA GÓTICA |9 862 | ||
| 999 | |c 5747 |d 5747 | ||
| 942 | |c 15 D |h 810 H-31L |2 z | ||
